| 000 | 01847nam a2200289 a 4500 | ||
|---|---|---|---|
| 001 | 000035913 | ||
| 003 | DO-SdBNP | ||
| 005 | 20221017142015.0 | ||
| 007 | ta | ||
| 008 | 111115t2011 dr fr 001 edspa d | ||
| 040 |
_aDO-SdBNP _bspa _cBNPHU |
||
| 082 | 4 |
_bM337r _222 |
|
| 100 | 1 |
_aMontero, Gregorio, _d1966 - _961917 |
|
| 245 | 1 | 0 |
_aRegimén jurídico y profesionalización de los funcionarios Públicos / _cGregorio Montero. |
| 260 |
_aSanto Domingo : _bMAP, _c2011 |
||
| 300 |
_a350 p. ; _c23 cm. |
||
| 500 | _aIncluye datos biográficos del autor en las solapas de las cubiertas. | ||
| 500 | _aIncluye bibliografía y notas al pié de páginas. | ||
| 504 | _aBibliografía: p. 347- 350 | ||
| 505 |
_aPresentación. _gPrólogo. _gIntroducción. _tCapítulo I. Generalidades.-- _tCapítulo II. Evolución del derecho de la función pública.-- _tCapítulo III. El derecho de la función pública en la actualidad.-- _tCapítulo IV. Régimen jurídico de los funcionarios públicos.-- _tCapítulo V. La función pública en la constitución política.-- _tCapítulo VI. Administración del sistema de función pública.-- _tCapítulo VII. Organizaión del empleo público. _tCapítulo VIII. Sistema retributivo.-- _tCapítulo IX. Ingreso a los cargos públicos.-- _tCapítulo X. Carrera funcionarial.-- _tCapítulo XI. Situaciones administrativas.-- _tCapítulo XII. Régimen de relaciones laborales.-- _tCapítulo XIII. Término de la relación de empleo público.-- _tCapítulo XIV. Régimen de recursos.- _tBibliografía. |
||
| 590 | _aInventariado, 2022 / MF | ||
| 650 | 4 |
_919963 _aAdministración Pública _xLegislación _zRepública Dominicana |
|
| 650 | 4 |
_971153 _aFunción Pública _xLegislación _zRepública Dominicana |
|
| 650 | 4 |
_96503 _aFuncionarios Públicos _xLegislación _zRepública Dominicana |
|
| 910 | _aMFeliz | ||
| 942 |
_2ddc _cLBS1 |
||
| 999 |
_c35404 _d35404 |
||